[Event "Stay Safe Play From Home 185"]
[Site "T#646428Emanuel Laske"]
[Date "2020.05.29"]
[Round "9"]
[White "W Nelles"]
[Black "Lazieri3"]
[Result "0-1"]
[WhiteElo "1092"]
[BlackElo "2026"]
[Annotator "TA"]
[PlyCount "48"]
[EventDate "2020.05.29"]
[EventType "swiss (blitz)"]

{[%evp 9,48,-59,14,-54,-49,-62,-41,-145,-154,-357,-356,-326,-114,-109,-110,-129,238,247,235,211,194,217,211,72,195,183,231,-1625,91,47,55,68,47,51,45,-631,-647,-655,-618,-638,-646]} 1. e4 c6 2. Nf3 d5 3. exd5 cxd5 4. Qe2 {[#]} Nc6 $146 ({Predecessor:} 4... f6 5. Nc3 e6 6. Qe3 e5 7. Bb5+ Nd7 8. Nxd5 Bc5 9. Bxd7+ Bxd7 10. Qxc5 {1-0 (10) Macieira,G-Arbex,G Juiz de Fora 2014}) 5. Nc3 Bf5 ({Black should try} 5... d4 $15 6. Na4 a6) 6. d4 {B10: Caro-Kann: 2 d3 and 2 c4.} (6. Qb5 $11) 6... e6 $15 7. Bf4 Nf6 8. Nb5 ({White should play} 8. Qb5 $15 Qc8 9. Bd3) 8... Rc8 $17 9. Be5 $2 (9. a3 $17) 9... Nxe5 $19 10. dxe5 Ne4 $2 ({Weaker is} 10... Bxc2 11. Nc3 $16 (11. exf6 Qxf6 12. a3 Qxb2 $15)) (10... Rxc2 $19 {and Black stays clearly on top.} 11. Nd6+ Bxd6 12. Qb5+ Rc6 13. exd6 O-O) 11. Nfd4 $17 Bg6 12. O-O-O Nxf2 $2 {[%mdl 8192]} (12... a6 $17 13. f3 Nc5) 13. Qxf2 $18 a6 14. Nd6+ Bxd6 15. exd6 Qxd6 16. Qg3 (16. Bd3 $18 {is more deadly.}) 16... Qc5 (16... Qxg3 $16 {was necessary.} 17. hxg3 e5) 17. c3 Qa5 18. Qd6 $4 {[%mdl 8192] [#]} (18. Bd3 $18) 18... Qxa2 $2 (18... Rxc3+ $1 $19 {[%mdl 512]} 19. Kd2 (19. bxc3 Qxc3+) 19... Rc6+ {[%mdl 64] Discovered Attack} 20. Ke3 Rxd6) 19. Bd3 Bxd3 20. Rxd3 {Strongly threatening Nxe6!} Qa1+ 21. Kc2 Qxh1 {[#]} 22. Rd1 $2 {[%mdl 8192]} (22. Nxe6 $1 $14 {[%mdl 512]} Qxg2+ (22... fxe6 23. Qxe6+) 23. Kb3 fxe6 24. Qxe6+ {[%mdl 64] Double Attack} Kd8 25. Qd6+ (25. Rxd5+ Qxd5+ 26. Qxd5+ Kc7 $11) 25... Ke8 26. Re3+ Qe4 27. Rxe4+ dxe4 28. Qb6) 22... Qxg2+ $19 {Black is clearly winning.} 23. Kb1 Qg6+ 24. Ka2 Rd8 {Accuracy: White = 42%, Black = 41%.} 0-1